000 00755nam a22001817a 4500
003 OSt
005 20260327142042.0
008 260327b |||||||| |||| 00| 0 eng d
040 _c0
082 _aDPer 907.9 J826 January-December 2016 v.62
100 _aDeocampo, Nick.
_eauthor.
_970295
245 _aTsutomu Sawamura and his Contributions to the Philippine Wartime 'National Cinema /
_cNick Deocampo.
260 _aUP, Diliman, Quezon City, Metro Manila, Philippines ;
_bThe Philippine National Historical Society, Inc. ,
_cJanuary-December 2016.
300 _avolume 62, pages 370-392 :
_billustration ;
_c24cm.
500 _aThe Journal of History, Vol. 62, Pages 370-392, January-December, 2016
700 _aDeocampo, Nick
_98169
942 _2ddc
_cPER
999 _c24522
_d24522